Regímenes políticos actuales

محفوظ في:
التفاصيل البيبلوغرافية
المؤلف الرئيسي: Ferrado Badía, Juan (مؤلف)
التنسيق: كتاب
اللغة:الإسبانية
منشور في: Madrid Tecnos 1995
الطبعة:3a. ed
الموضوعات:
الوسوم: إضافة وسم
لا توجد وسوم, كن أول من يضع وسما على هذه التسجيلة!

MARC

LEADER 00000nam a2200000 a 4500
001 UCL8125
003 CL-VaPUC
008 040611e19950000SP |||||||||||||||||spa|d
020 |a 8430927409 
082 0 4 |a 320  |b FER  |2 21 
100 0 |a Ferrado Badía, Juan  |e author  |9 486084 
245 1 0 |a Regímenes políticos actuales 
250 |a 3a. ed 
300 |a 725 p 
942 |c BK 
945 |d 20040611 00:00:00  |a cmena 
260 |a Madrid  |b Tecnos  |c 1995 
650 0 |a Doctrinas políticas  |9 255835 
650 0 |a Regímenes políticos  |9 255513 
650 7 |a REGIMEN MARXISTA  |2 CL-VaPUC  |9 486085 
650 7 |a REGIMEN PARLAMENTARIO  |2 CL-VaPUC  |9 318428 
650 7 |a REGIMEN PRESIDENCIALISTA  |2 CL-VaPUC  |9 486086 
650 0 |a Ciencias Políticas  |9 255201 
583 |a last modification  |c 20040611 00:00:00  |k Rodrigo Vera 
999 |c 309576  |d 309574 
952 |0 0  |1 0  |4 0  |6 320_000000000000000_FER_1995  |7 0  |8 A  |9 377101  |a BIBDER  |b BIBDER  |d 2019-11-21  |i 4021614  |o 320 FER 1995  |p 4021614  |r 2023-01-25  |w 2019-11-21  |y BK  |k DER